[Event "Nordic-ch U17"]
[Site "Helsingborg"]
[Date "2022.08.28"]
[Round "6"]
[White "Meskenas, Paulius"]
[Black "Vainikka, Toni"]
[Result "1-0"]
[WhiteElo "2177"]
[BlackElo "1995"]
[PlyCount "95"]
[EventDate "2022.08.26"]
[EventType "swiss"]
[EventRounds "6"]
[EventCountry "SWE"]
[SourceTitle "EXT 2023"]
[Source "ChessBase"]
[SourceDate "2022.10.05"]
[SourceVersion "1"]
[SourceVersionDate "2022.10.05"]
[SourceQuality "1"]

1. e4 e5 2. Nf3 Nc6 3. d4 exd4 4. Nxd4 Nf6 5. Nxc6 bxc6 6. e5 Qe7 7. Qe2 Nd5 8. c4 Ba6 9. b3 g6 10. f4 g5 11. fxg5 Bg7 12. Bb2 Qxg5 13. Nd2 0-0-0 14. Nf3 Qe3 15. g3 d6 16. Bh3+ Kb7 17. Qxe3 Nxe3 18. Ke2 Nd5 19. Ng5 Rde8 20. Nxf7 Rhf8 21. Raf1 Re7 22. e6 Bxb2 23. Nxd6+ cxd6 24. Rxf8 Bg7 25. Rf3 Nc7 26. Kd3 Kb8 27. Rf7 Rxf7 28. exf7 Bc8 29. Bxc8 Kxc8 30. f8Q+ Bxf8 31. Rf1 Ne6 32. Rf7 h6 33. Rxa7 Nc7 34. b4 d5 35. c5 Kb8 36. Ra3 Ne6 37. Rb3 Ng5 38. Rb1 Ne4 39. Rf1 Bg7 40. Rf7 Bf6 41. Rh7 Bg5 42. a4 Bc1 43. a5 Ba3 44. a6 Ka8 45. Rb7 Bc1 46. Rb6 Bd2 47. Rxc6 Bxb4 48. Kd4 1-0

[Event "Nordic-ch U17"]
[Site "Helsingborg"]
[Date "2022.08.26"]
[Round "2"]
[White "Nielsen, Jon I Horni"]
[Black "Vainikka, Toni"]
[Result "0-1"]
[WhiteElo "1995"]
[BlackElo "1995"]
[PlyCount "84"]
[EventDate "2022.08.26"]
[EventType "swiss"]
[EventRounds "6"]
[EventCountry "SWE"]
[SourceTitle "EXT 2023"]
[Source "ChessBase"]
[SourceDate "2022.10.05"]
[SourceVersion "1"]
[SourceVersionDate "2022.10.05"]
[SourceQuality "1"]

1. e4 e5 2. Nf3 Nc6 3. Bb5 a6 4. Ba4 b5 5. Bb3 Nf6 6. 0-0 Be7 7. d3 0-0 8. c3 d6 9. Re1 Na5 10. Bc2 c5 11. Nbd2 Re8 12. Nf1 Bf8 13. h3 Nc6 14. Bg5 h6 15. Bxf6 Qxf6 16. Ne3 Be6 17. Bb3 Ne7 18. Nh2 g5 19. Neg4 Qg6 20. Qf3 Bg7 21. Nf1 f5 22. exf5 Qxf5 23. Qxf5 Nxf5 24. Nge3 Bxb3 25. Nxf5 Bc2 26. Nxd6 Re6 27. Ne4 Bf8 28. Re3 Rd8 29. Rg3 Bxd3 30. Rd1 c4 31. Ned2 Bc5 32. h4 Rf8 33. Ne3 Ref6 34. hxg5 Rxf2 35. gxh6+ Kh8 36. Kh2 Re2 37. Nef1 e4 38. Kh3 e3 39. Nf3 Rxb2 40. Nxe3 Bxe3 41. Ne5 Bf5+ 42. Kh4 Bf2 0-1

[Event "Heart of Finland op 30th"]
[Site "Jyvaskyla"]
[Date "2022.07.19"]
[Round "3"]
[White "Ronka, Erik"]
[Black "Vainikka, Toni"]
[Result "1/2-1/2"]
[WhiteElo "2272"]
[BlackElo "1951"]
[PlyCount "57"]
[EventDate "2022.07.18"]
[EventType "swiss"]
[EventRounds "9"]
[EventCountry "FIN"]
[SourceTitle "CBM 209 Extra"]
[Source "ChessBase"]
[SourceDate "2022.09.30"]
[SourceVersion "1"]
[SourceVersionDate "2022.09.30"]
[SourceQuality "1"]

1. e4 e5 2. Nf3 Nc6 3. Bb5 a6 4. Ba4 Nf6 5. 0-0 b5 6. Bb3 Be7 7. Re1 d6 8. a4 Bg4 9. c3 Na5 10. Bc2 c5 11. h3 Bh5 12. d3 0-0 13. Nbd2 Bg6 14. Nf1 Nh5 15. Ne3 Nf4 16. Kh2 Nc6 17. g3 Ne6 18. Nf5 Nc7 19. d4 cxd4 20. cxd4 Bf6 21. d5 Nb4 22. Bb3 Bxf5 23. exf5 bxa4 24. Rxa4 a5 25. g4 Qd7 26. Ra1 Qb5 27. Qe2 Qxe2 28. Rxe2 Ncxd5 29. Rd2 1/2-1/2

[Event "Nordic-ch U18"]
[Site "Torshavn"]
[Date "2021.09.11"]
[Round "4"]
[White "Vainikka, Toni"]
[Black "Torngren, Gustav"]
[Result "0-1"]
[WhiteElo "1937"]
[BlackElo "2165"]
[PlyCount "48"]
[EventDate "2021.09.10"]
[EventType "swiss"]
[EventRounds "6"]
[EventCountry "FAI"]
[SourceTitle "EXT 2023"]
[Source "ChessBase"]
[SourceDate "2022.10.05"]
[SourceVersion "1"]
[SourceVersionDate "2022.10.05"]
[SourceQuality "1"]

1. d4 d5 2. Nf3 c6 3. e3 Bf5 4. Bd3 e6 5. Bxf5 exf5 6. c4 dxc4 7. Qc2 g6 8. Qxc4 Bg7 9. Nc3 Nf6 10. b3 0-0 11. 0-0 Nbd7 12. Ba3 Nb6 13. Qd3 Re8 14. Rfd1 Ne4 15. Nd2 Nxc3 16. Qxc3 Nd5 17. Qd3 Qg5 18. Nf3 Qh5 19. Re1 Rad8 20. Rad1 Re4 21. Bb2 Rde8 22. Nd2 R4e6 23. Nf1 Qg4 24. a3 Nf4 0-1

[Event "Nordic-ch U15"]
[Site "Fredericia"]
[Date "2020.02.16"]
[Round "6"]
[White "Vainikka, Toni"]
[Black "Unneland, Mathias"]
[Result "0-1"]
[WhiteElo "1923"]
[BlackElo "2175"]
[PlyCount "108"]
[EventDate "2020.02.14"]
[EventType "swiss"]
[EventRounds "6"]
[EventCountry "DEN"]
[SourceTitle "EXT 2021"]
[Source "ChessBase"]
[SourceDate "2020.10.23"]
[SourceVersion "1"]
[SourceVersionDate "2020.10.23"]
[SourceQuality "1"]

1. d4 Nf6 2. c4 e6 3. Nf3 d5 4. Nc3 c6 5. Bg5 h6 6. Bh4 dxc4 7. e3 b5 8. Be2 Nbd7 9. a4 Qb6 10. 0-0 a6 11. axb5 cxb5 12. b3 cxb3 13. Bxb5 Rb8 14. Bc4 b2 15. Rb1 Qc6 16. Qd3 Rb4 17. Nd2 Nb6 18. Bb3 a5 19. Na2 a4 20. Nxb4 Bxb4 21. Rxb2 axb3 22. Rxb3 Be7 23. Bxf6 Bxf6 24. Rc3 Qd7 25. Rfc1 Bd8 26. Ne4 0-0 27. Nc5 Qd6 28. f3 Bc7 29. g3 Bd8 30. Qc2 Be7 31. Rb1 f5 32. Nd3 Bb7 33. Kf2 Ba8 34. Ne5 Bf6 35. Nc4 Nxc4 36. Rxc4 Qd5 37. Qe2 f4 38. gxf4 Bh4+ 39. Kg2 Qf5 40. Rf1 Bd5 41. Rc5 Be7 42. Rcc1 Qh5 43. h3 Bh4 44. Kh2 g5 45. e4 Ba8 46. fxg5 Bxg5 47. Qg2 Kh8 48. Rc5 Qf7 49. Qg4 Bf4+ 50. Kh1 Rg8 51. Qh4 Qg6 52. Qg4 Qf6 53. Qh5 Qxd4 54. Ra5 Qd2 0-1

[Event "Helsinki-ch Master"]
[Site "Helsinki"]
[Date "2020.01.03"]
[Round "6"]
[White "Vainikka, Toni"]
[Black "Sjoman, Tapani"]
[Result "0-1"]
[WhiteElo "1951"]
[BlackElo "1980"]
[PlyCount "82"]
[EventDate "2019.12.28"]
[EventType "tourn"]
[EventRounds "7"]
[EventCountry "FIN"]
[SourceTitle "EXT 2021"]
[Source "ChessBase"]
[SourceDate "2020.10.23"]
[SourceVersion "1"]
[SourceVersionDate "2020.10.23"]
[SourceQuality "1"]

1. d4 e6 2. c4 d5 3. Nf3 Nf6 4. Nc3 c5 5. cxd5 Nxd5 6. e4 Nxc3 7. bxc3 cxd4 8. cxd4 Bb4+ 9. Bd2 Bxd2+ 10. Qxd2 0-0 11. Bc4 b6 12. 0-0 Ba6 13. Rac1 Qe7 14. Qd3 Bb7 15. Rc3 Nc6 16. Rfc1 Rac8 17. Bb5 Na5 18. Rxc8 Rxc8 19. Rxc8+ Bxc8 20. Qc3 Bb7 21. Nd2 h6 22. f3 Qd6 23. g3 f5 24. Kf2 Kf8 25. Nc4 Nxc4 26. Qxc4 fxe4 27. f4 a6 28. Bxa6 Bxa6 29. Qxa6 Qxd4+ 30. Ke2 Kf7 31. Qa3 Qg1 32. h4 Qd4 33. Qe3 Qc4+ 34. Ke1 b5 35. a3 h5 36. Qd2 Kg6 37. Qe3 Kf5 38. Kf2 Kg4 39. Qa7 Qc2+ 40. Ke1 Kf3 41. Qd4 Qe2# 0-1

[Event "Helsinki-ch Master"]
[Site "Helsinki"]
[Date "2019.12.29"]
[Round "2"]
[White "Vainikka, Toni"]
[Black "Aalto, Patrik"]
[Result "1/2-1/2"]
[WhiteElo "1951"]
[BlackElo "2112"]
[PlyCount "95"]
[EventDate "2019.12.28"]
[EventType "tourn"]
[EventRounds "7"]
[EventCountry "FIN"]
[SourceTitle "EXT 2021"]
[Source "ChessBase"]
[SourceDate "2020.10.23"]
[SourceVersion "1"]
[SourceVersionDate "2020.10.23"]
[SourceQuality "1"]

1. d4 g6 2. c4 Bg7 3. e4 c5 4. d5 d6 5. Bd3 Nf6 6. Nc3 0-0 7. Nge2 Nbd7 8. f4 e6 9. 0-0 exd5 10. exd5 Re8 11. h3 Nf8 12. Qc2 Nh5 13. Ne4 f5 14. Ng5 Qf6 15. Rb1 h6 16. Nf3 Qf7 17. Kh2 a5 18. a4 Nf6 19. Nc3 Bd7 20. Bd2 b6 21. Rbe1 Ra7 22. b3 Rxe1 23. Rxe1 Be8 24. Qd1 Re7 25. Rxe7 Qxe7 26. Qe1 Qxe1 27. Nxe1 Kf7 28. Nc2 Ke7 29. Kg1 Nh5 30. Ne2 Nd7 31. Kf2 Nhf6 32. Nc3 Nb8 33. Nb5 Bd7 34. Kf3 h5 35. Bc3 Ne8 36. Bxg7 Nxg7 37. Nc7 Bc8 38. Na3 Bb7 39. g4 hxg4+ 40. hxg4 Kd7 41. Ncb5 Ke7 42. gxf5 gxf5 43. Nc2 Na6 44. Ne3 Bc8 45. Kg3 Nh5+ 46. Kf3 Ng7 47. Bb1 Bd7 48. Kg3 1/2-1/2

[Event "Helsinki-ch Master"]
[Site "Helsinki"]
[Date "2019.12.28"]
[Round "1"]
[White "Vainikka, Toni"]
[Black "Elomaa, Arto"]
[Result "1/2-1/2"]
[WhiteElo "1951"]
[BlackElo "2140"]
[PlyCount "45"]
[EventDate "2019.12.28"]
[EventType "tourn"]
[EventRounds "7"]
[EventCountry "FIN"]
[SourceTitle "EXT 2021"]
[Source "ChessBase"]
[SourceDate "2020.10.23"]
[SourceVersion "1"]
[SourceVersionDate "2020.10.23"]
[SourceQuality "1"]

1. d4 d5 2. Nf3 Nf6 3. e3 c6 4. Bd3 g6 5. b3 Bg7 6. Bb2 0-0 7. Nbd2 Nbd7 8. 0-0 e5 9. Nxe5 Nxe5 10. dxe5 Ng4 11. Nf3 Re8 12. e4 dxe4 13. Bxe4 Qc7 14. Re1 Nxe5 15. Nxe5 Bxe5 16. Bxe5 Rxe5 17. Qd4 Bf5 18. Bxf5 Rxf5 19. Rad1 Rd5 20. Qf6 Rxd1 21. Rxd1 Re8 22. g3 Qe7 23. Qxe7 1/2-1/2

[Event "Raahe op"]
[Site "Raahe"]
[Date "2019.12.02"]
[Round "2"]
[White "Vainikka, Toni"]
[Black "Jarvenpaa, Jari"]
[Result "0-1"]
[WhiteElo "1907"]
[BlackElo "2242"]
[PlyCount "118"]
[EventDate "2019.11.02"]
[EventType "swiss"]
[EventRounds "5"]
[EventCountry "FIN"]
[SourceTitle "EXT 2021"]
[Source "ChessBase"]
[SourceDate "2020.10.23"]
[SourceVersion "1"]
[SourceVersionDate "2020.10.23"]
[SourceQuality "1"]

1. d4 e6 2. c4 f5 3. g3 Nf6 4. Bg2 c6 5. Nf3 d5 6. 0-0 Bd6 7. b3 Qe7 8. Bb2 Nbd7 9. Ne5 0-0 10. e3 a5 11. Nc3 Nxe5 12. dxe5 Bxe5 13. f4 Bd6 14. Na4 b5 15. cxb5 cxb5 16. Nb6 Rb8 17. Nxc8 Rfxc8 18. Qe2 Ba3 19. Be5 Rb6 20. Rfd1 Qf8 21. Rd2 Ng4 22. Bd4 Bc5 23. Rc2 Bxd4 24. exd4 Rxc2 25. Qxc2 h6 26. Qc7 Qb8 27. Rc1 Qxc7 28. Rxc7 a4 29. Bf1 axb3 30. axb3 b4 31. Bd3 Nf6 32. Kg2 Rb8 33. Re7 Rb6 34. Rc7 Kf8 35. Kf3 Ne8 36. Rc5 Nd6 37. Ke3 Rb7 38. Rc6 Ke7 39. Ba6 Ra7 40. Rb6 Rc7 41. Rxb4 Rc1 42. Bd3 Re1+ 43. Kf2 Rd1 44. Ke3 Rh1 45. h4 Ne4 46. Bxe4 fxe4 47. Kf2 h5 48. Kg2 Rd1 49. Ra4 Rd2+ 50. Kf1 Rd3 51. Ra7+ Kf6 52. b4 Rxd4 53. b5 Rb4 54. Rb7 d4 55. Ke2 Rb2+ 56. Ke1 d3 57. b6 e3 58. Kf1 Rb1+ 59. Kg2 d2 0-1

[Event "Helsinki Pihlajamaki 80 Years"]
[Site "Helsinki"]
[Date "2019.11.10"]
[Round "6"]
[White "Vainikka, Toni"]
[Black "Wilen, Eero"]
[Result "1/2-1/2"]
[WhiteElo "2020"]
[BlackElo "1955"]
[PlyCount "95"]
[EventDate "2019.11.10"]
[EventType "swiss"]
[EventRounds "7"]
[EventCountry "FIN"]
[SourceTitle "EXT 2021"]
[Source "ChessBase"]
[SourceDate "2020.10.23"]
[SourceVersion "1"]
[SourceVersionDate "2020.10.23"]
[SourceQuality "1"]

1. d4 Nf6 2. Nf3 e6 3. c4 b6 4. Nc3 Bb4 5. e3 Bb7 6. a3 Bxc3+ 7. bxc3 0-0 8. Bd3 Ne4 9. Qc2 f5 10. 0-0 d6 11. d5 exd5 12. cxd5 Bxd5 13. c4 Bb7 14. Nd4 Qe7 15. f3 c5 16. fxe4 fxe4 17. Rxf8+ Kxf8 18. Qf2+ Qf6 19. Qxf6+ gxf6 20. Bxe4 Bxe4 21. Ne6+ Ke7 22. Nc7 Nd7 23. Nxa8 Bxa8 24. Bb2 Be4 25. Rf1 Ke6 26. Rf4 Bd3 27. Kf2 a6 28. Ke1 b5 29. cxb5 axb5 30. Kd2 Bg6 31. g4 d5 32. h4 Be4 33. g5 fxg5 34. hxg5 Bf5 35. a4 bxa4 36. Rxa4 Kd6 37. Ra6+ Kc7 38. Bf6 Be4 39. Be7 Kb7 40. Rd6 Kc7 41. Ra6 Kb7 42. Re6 Kc7 43. Kc3 Kb7 44. Bd8 Kc8 45. Ba5 Kb7 46. Rd6 Ne5 47. Re6 Nc6 48. Rxc6 1/2-1/2

[Event "Salo SK Autumn op"]
[Site "Salo"]
[Date "2019.10.11"]
[Round "1"]
[White "Linden, Lari"]
[Black "Vainikka, Toni"]
[Result "1-0"]
[WhiteElo "2201"]
[BlackElo "2002"]
[PlyCount "81"]
[EventDate "2019.10.11"]
[EventType "swiss"]
[EventRounds "5"]
[EventCountry "FIN"]
[SourceTitle "EXT 2021"]
[Source "ChessBase"]
[SourceDate "2020.10.23"]
[SourceVersion "1"]
[SourceVersionDate "2020.10.23"]
[SourceQuality "1"]

1. d4 d5 2. c4 dxc4 3. Nf3 Nf6 4. e3 e6 5. Bxc4 a6 6. Bb3 b5 7. a4 Bb7 8. axb5 axb5 9. Rxa8 Bxa8 10. Qe2 b4 11. 0-0 Nbd7 12. Rd1 Bd6 13. Nbd2 Ne4 14. Nxe4 Bxe4 15. Nd2 Ba8 16. Nc4 0-0 17. Nxd6 cxd6 18. e4 Qh4 19. f3 Qe7 20. Bf4 e5 21. Bg3 Rb8 22. Qd2 Nf8 23. dxe5 dxe5 24. Qd6 Qxd6 25. Rxd6 Ng6 26. Rd7 Rf8 27. Be1 Rb8 28. Rxf7 Kh8 29. g3 h6 30. Kf2 Bc6 31. Ke3 Bb5 32. Bd5 Ba6 33. Ra7 Bb5 34. Ra8 Rxa8 35. Bxa8 Kg8 36. Bd5+ Kf8 37. Bxb4+ Ke8 38. h4 Ba6 39. Be6 Bb5 40. Bd6 Bd7 41. Bf5 1-0

[Event "Helsinki MatSK op"]
[Site "Helsinki"]
[Date "2019.02.23"]
[Round "5"]
[White "Vainikka, Toni"]
[Black "Keso, Elias"]
[Result "0-1"]
[WhiteElo "1755"]
[BlackElo "2114"]
[PlyCount "50"]
[EventDate "2019.02.22"]
[EventType "swiss"]
[EventRounds "7"]
[EventCountry "FIN"]
[SourceTitle "CBM 189 Extra"]
[Source "ChessBase"]
[SourceDate "2019.06.03"]
[SourceVersion "1"]
[SourceVersionDate "2019.06.03"]
[SourceQuality "1"]

1. d4 Nf6 2. Nf3 g6 3. c4 Bg7 4. Nc3 0-0 5. e4 d6 6. Be2 e5 7. d5 a5 8. h3 Na6 9. Be3 b6 10. 0-0 Ne8 11. g4 f5 12. exf5 gxf5 13. Nh2 f4 14. Bd2 Qh4 15. Kg2 Nc5 16. Qc2 h5 17. Be1 hxg4 18. hxg4 f3+ 19. Bxf3 Rxf3 20. Nxf3 Qxg4+ 21. Kh2 Qh3+ 22. Kg1 Qxf3 23. Kh2 e4 24. Ne2 Be5+ 25. Ng3 Bxg3+ 0-1

[Event "Helsinki MatSK op"]
[Site "Helsinki"]
[Date "2019.02.22"]
[Round "2"]
[White "Vainikka, Toni"]
[Black "Kokkila, Tero"]
[Result "0-1"]
[WhiteElo "1755"]
[BlackElo "2235"]
[PlyCount "86"]
[EventDate "2019.02.22"]
[EventType "swiss"]
[EventRounds "7"]
[EventCountry "FIN"]
[SourceTitle "CBM 189 Extra"]
[Source "ChessBase"]
[SourceDate "2019.06.03"]
[SourceVersion "1"]
[SourceVersionDate "2019.06.03"]
[SourceQuality "1"]

1. d4 Nf6 2. Nf3 d5 3. c4 c6 4. e3 e6 5. Nc3 Nbd7 6. Bd3 dxc4 7. Bxc4 b5 8. Bd3 Bb7 9. 0-0 a6 10. b3 c5 11. Bb2 cxd4 12. Nxd4 Bc5 13. Nf3 0-0 14. Rc1 Qe7 15. Qe2 Rfd8 16. Rfd1 Rac8 17. Bb1 Ba3 18. Ng5 Bxb2 19. Qxb2 h6 20. Nge4 b4 21. Nxf6+ Qxf6 22. Na4 Rxc1 23. Qxc1 Qg5 24. e4 Ne5 25. Rxd8+ Qxd8 26. Qc2 Bxe4 27. Qc1 Bxb1 28. Qxb1 Qd4 29. h3 g5 30. Nb2 Kg7 31. Nd1 f5 32. Qc2 Kf6 33. Ne3 Qa1+ 34. Kh2 Qc3 35. Qxc3 bxc3 36. Kg1 f4 37. Nc2 f3 38. gxf3 Nxf3+ 39. Kg2 Nd2 40. Kg3 Kf5 41. h4 gxh4+ 42. Kxh4 Ke4 43. Ne1 Nf3+ 0-1

[Event "Salo We SalSK syksy"]
[Site "Salo"]
[Date "2018.10.12"]
[Round "1"]
[White "Vainikka, Toni"]
[Black "Tocklin, Tomi"]
[Result "1-0"]
[WhiteElo "1701"]
[BlackElo "1870"]
[PlyCount "79"]
[EventDate "2018.10.12"]
[EventType "swiss"]
[EventRounds "5"]
[EventCountry "FIN"]
[SourceTitle "EXT 2022"]
[Source "ChessBase"]
[SourceDate "2021.10.06"]
[SourceVersion "1"]
[SourceVersionDate "2021.10.06"]
[SourceQuality "1"]

1. d4 Nf6 2. c4 c5 3. d5 b5 4. cxb5 a6 5. bxa6 Bxa6 6. Nc3 d6 7. e4 Bxf1 8. Kxf1 g6 9. g3 Bg7 10. Kg2 Nbd7 11. Nge2 0-0 12. Qc2 Qa5 13. f3 Rfb8 14. b3 Qa6 15. Bb2 Ne5 16. Rhd1 c4 17. Nd4 Nd3 18. Nc6 Rb7 19. Rab1 Nxb2 20. Qxb2 cxb3 21. axb3 Qa3 22. Qxa3 Rxa3 23. Ne2 Kf8 24. b4 Nd7 25. Ned4 Ne5 26. Nxe5 Bxe5 27. Nc6 Ra2+ 28. Kg1 Bc3 29. Rd3 Bd2 30. Rdb3 Ke8 31. R1b2 Be3+ 32. Kf1 Ra1+ 33. Rb1 Rxb1+ 34. Rxb1 Rb5 35. Ke2 Bg5 36. Ra1 Rb7 37. Kd3 h5 38. Ra8+ Kd7 39. Rd8+ Kc7 40. Rf8 1-0

[Event "FIN-chT2 Gp2 1819"]
[Site "Finland"]
[Date "2018.09.15"]
[Round "1.2"]
[White "Vainikka, Toni"]
[Black "Wilen, Eero"]
[Result "1-0"]
[WhiteElo "1649"]
[BlackElo "2059"]
[PlyCount "81"]
[EventDate "2018.09.15"]
[EventType "team-tourn"]
[EventRounds "6"]
[EventCountry "FIN"]
[SourceTitle "EXT 2020"]
[Source "ChessBase"]
[SourceDate "2019.10.17"]
[SourceVersion "1"]
[SourceVersionDate "2019.10.17"]
[SourceQuality "1"]
[WhiteTeam "Hameenlinna II"]
[BlackTeam "Helsinki HSK"]
[WhiteTeamCountry "FIN"]
[BlackTeamCountry "FIN"]

1. d4 Nf6 2. c4 Nc6 3. Nf3 d6 4. Nc3 e5 5. dxe5 Nxe5 6. Nxe5 dxe5 7. Qxd8+ Kxd8 8. Bg5 c6 9. f3 Be6 10. 0-0-0+ Kc7 11. e4 Bc5 12. b3 Rad8 13. Rxd8 Rxd8 14. Kc2 h6 15. Bh4 Be3 16. Bd3 g5 17. Bg3 Nd7 18. Re1 Bc5 19. Rd1 f6 20. Bf1 Nf8 21. Rxd8 Kxd8 22. h4 Ng6 23. hxg5 fxg5 24. Nd1 Bd4 25. Kd2 Ke7 26. Bf2 Kd6 27. Bxd4 exd4 28. Nf2 Ne5 29. Be2 Kc5 30. a3 a5 31. g3 Kd6 32. f4 gxf4 33. gxf4 Nf7 34. Bh5 Nd8 35. Kd3 c5 36. e5+ Ke7 37. Ke4 Bd7 38. f5 Bc6+ 39. Kf4 Nf7 40. f6+ Kf8 41. Kf5 1-0